KOHA-Header-6

Discrete Mathematics and its applications (Record no. 1535)

000 -LEADER
fixed length control field 00338nam a2200133Ia 4500
008 - FIXED-LENGTH DATA ELEMENTS--GENERAL INFORMATION
fixed length control field 190723s9999 xx 000 0 und d
020 ## - INTERNATIONAL STANDARD BOOK NUMBER
International Standard Book Number 978-0-07-068188-0
100 ## - MAIN ENTRY--PERSONAL NAME
Personal name Kenneth H. Rosen
245 #0 - TITLE STATEMENT
Title Discrete Mathematics and its applications
250 ## - EDITION STATEMENT
Edition statement 7th
260 ## - PUBLICATION, DISTRIBUTION, ETC. (IMPRINT)
Place of publication, distribution, etc New Delhi
Name of publisher, distributor, etc McGraw Hill
Date of publication, distribution, etc 2011
300 ## - PHYSICAL DESCRIPTION
Extent 940:p
942 ## - ADDED ENTRY ELEMENTS (KOHA)
Koha item type Books
Holdings
Withdrawn status Lost status Source of classification or shelving scheme Damaged status Not for loan Collection code Permanent Location Current Location Shelving location Date acquired Total Checkouts Full call number Barcode Date last seen Date checked out Price effective from Koha item type
        Not For Loan Reference MAJU MAJU Shelf No.A39 REF 2019-07-23 1 511.076 8158 2020-02-08 2019-09-18 2019-07-23 Books

Powered by Koha